| 000 | 01463cam a2200301 a 4500 | ||
|---|---|---|---|
| 001 | 11917494 | ||
| 005 | 20010320180038.0 | ||
| 008 | 000222s2000 enkab j 001 0 eng | ||
| 010 | _a 00026065 | ||
| 020 | _a0749542284 | ||
| 040 |
_aDLC _cDLC _dDLC |
||
| 042 | _alcac | ||
| 050 | 0 | 0 |
_aAG243 _b.A68 2000 |
| 082 | 0 | 0 |
_a031.02 _221 _bGRE |
| 245 | 1 | 0 | _a100 Great wonders of the world / |
| 260 |
_a[Dubai] ; _bAA, _cc.2006. |
||
| 300 |
_a240 p. : _bcol. ill., col. maps ; _c31 cm. |
||
| 500 | _aIncludes index. | ||
| 520 | _aDescribes the Seven Wonders of the World, providing background and related information, and surveying such modern wonders as the Channel Tunnel, Hoover Dam, Versailles, and the bullet train. | ||
| 650 | 0 |
_aCuriosities and wonders _vJuvenile literature. _95539 |
|
| 650 | 0 |
_aSeven Wonders of the World _vJuvenile literature. _95540 |
|
| 650 | 1 |
_aSeven Wonders of the World. _95541 |
|
| 650 | 1 |
_aCuriosities and wonders. _95542 |
|
| 700 | 1 |
_aBonson, Richard. _95543 |
|
| 942 |
_2ddc _cREFERENCE |
||
| 999 |
_c11671 _d11671 |
||